[Event "4. Wittelsbacher Weihnachts-Schach-Open"]
[Site "Kelheim"]
[Date "2015.12.29"]
[Round "5.8"]
[White "Schmid, Bernhard"]
[Black "Braun, Michael"]
[Result "0-1"]
[WhiteElo "1904"]
[BlackElo "2041"]
[PlyCount "80"]
[EventDate "2015.??.??"]
[WhiteTeam "SC Sinzing"]
[BlackTeam "SG Büchenbach/Roth"]

1. d4 d5 2. c4 c6 3. Nf3 Nf6 4. Nc3 e6 5. e3 Nbd7 6. Bd3 dxc4 7. Bxc4 b5 8. Bd3
Bb7 9. O-O Bd6 10. e4 e5 11. Bg5 a6 12. dxe5 Nxe5 13. Nxe5 Bxe5 14. f4 Bd4+ 15.
Kh1 h6 16. Bxf6 Bxf6 17. e5 Be7 18. Be4 Qxd1 19. Raxd1 Rd8 20. Rxd8+ Kxd8 21.
Rd1+ Kc7 22. Kg1 a5 23. Kf2 Bc5+ 24. Kf3 Bc8 25. h3 Kb6 26. g4 h5 27. Bf5 hxg4+
28. Bxg4 Be7 29. Bxc8 Rxc8 30. Rd7 Rc7 31. Rd1 b4 32. Ne4 c5 33. Nd6 c4 34. Ke4
c3 35. bxc3 bxc3 36. Rb1+ Kc6 37. Nc4 Bb4 38. a3 Kc5 39. axb4+ Kxc4 40. bxa5 c2
0-1

[Event "4. Wittelsbacher Weihnachts-Schach-Open"]
[Site "Kelheim"]
[Date "2015.12.29"]
[Round "5.9"]
[White "Klenk, Sofie"]
[Black "Blodig, Reinhard"]
[Result "0-1"]
[WhiteElo "1823"]
[BlackElo "2155"]
[PlyCount "56"]
[EventDate "2015.??.??"]
[WhiteTeam "SC Tarrasch München"]
[BlackTeam "TV Riedenburg"]

1. e4 d6 2. d4 g6 3. h4 Nf6 4. Nc3 Bg7 5. Be2 Nc6 6. Be3 e5 7. d5 Nd4 8. Qd2
O-O 9. O-O-O c6 10. Bg5 Qc7 11. Bxf6 Bxf6 12. h5 Qe7 13. Kb1 Bd7 14. Nf3 c5 15.
Rh2 g5 16. h6 Kh8 17. Rhh1 Rg8 18. Nh2 g4 19. Nf1 b5 20. a3 a5 21. b3 b4 22.
axb4 axb4 23. Na2 Bb5 24. Bxb5 Nxb5 25. Ne3 Qa7 26. c4 bxc3 27. Nxc3 Nd4 28.
Qb2 Nxb3 0-1

[Event "4. Wittelsbacher Weihnachts-Schach-Open"]
[Site "Kelheim"]
[Date "2015.12.29"]
[Round "5.10"]
[White "Lechermann, Markus"]
[Black "Müller, Jochen"]
[Result "1-0"]
[WhiteElo "2043"]
[BlackElo "1745"]
[PlyCount "145"]
[EventDate "2015.??.??"]
[WhiteTeam "MTV Ingolstadt"]
[BlackTeam "Spvgg Stetten"]

1. d4 Nf6 2. Bf4 e6 3. e3 d5 4. Nf3 c5 5. c3 Nc6 6. Nbd2 Qb6 7. Qb3 c4 8. Qxb6
axb6 9. a3 b5 10. Rc1 Nh5 11. Ne5 Nxf4 12. exf4 f6 13. Nxc6 bxc6 14. Nf3 Bd6
15. g3 O-O 16. Rc2 c5 17. dxc5 Bxc5 18. Bh3 b4 19. cxb4 Bxb4+ 20. Kf1 Bd6 21.
Re2 Re8 22. Kg2 Bc5 23. Rd1 Bd7 24. f5 Kf7 25. fxe6+ Bxe6 26. Bxe6+ Rxe6 27.
Red2 c3 28. Rxd5 Rc8 29. Rd7+ Be7 30. bxc3 Rxc3 31. a4 Ra6 32. Nd4 Rc5 33. Re1
Re5 34. Rxe5 fxe5 35. Nf5 Ke6 36. Rxe7+ Kxf5 37. Rxg7 h6 38. h4 Rxa4 39. f3 Kf6
40. Rg8 Kf7 41. Rb8 e4 42. f4 Ra2+ 43. Kf1 Kf6 44. Rb5 Ra3 45. Kg2 Ra2+ 46. Kh3
e3 47. Re5 e2 48. Kg4 Rb2 49. Kf3 Rb3+ 50. Kf2 Kg6 51. Rxe2 Kf5 52. Re3 Rb1 53.
Kf3 Rf1+ 54. Kg2 Rd1 55. Re8 Kg4 56. Rg8+ Kf5 57. h5 Rd2+ 58. Kh3 Rd6 59. Rf8+
Ke4 60. Kg4 Rd7 61. Re8+ Kd5 62. Kf5 Rg7 63. Rd8+ Kc6 64. Rd3 Kc5 65. g4 Rf7+
66. Kg6 Rxf4 67. Rg3 Kd6 68. Kxh6 Ke7 69. g5 Kf7 70. g6+ Kg8 71. Ra3 Rf8 72.
Ra6 Rd8 73. Kg5 1-0

[Event "4. Wittelsbacher Weihnachts-Schach-Open"]
[Site "Kelheim"]
[Date "2015.12.29"]
[Round "5.11"]
[White "Bumes, Konrad"]
[Black "Amtmann, Florian"]
[Result "0-1"]
[WhiteElo "2022"]
[BlackElo "2139"]
[PlyCount "130"]
[EventDate "2015.??.??"]
[WhiteTeam "SC Haar"]
[BlackTeam "Spvgg Stetten"]

1. d4 Nf6 2. Nf3 g6 3. c4 Bg7 4. Nc3 O-O 5. e4 d6 6. h3 e5 7. dxe5 dxe5 8. Qxd8
Rxd8 9. Bg5 c6 10. Be2 Re8 11. O-O-O Nbd7 12. Rhe1 h6 13. Be3 Nh5 14. g3 Nf8
15. Ng1 Nf6 16. Bf1 Ne6 17. Nf3 Nd7 18. g4 g5 19. Rd2 Ndf8 20. Red1 Ng6 21. Ne2
Bf8 22. a3 Nc5 23. Rd8 Be6 24. Rxa8 Rxa8 25. Nc3 a5 26. Ne1 Nf4 27. Nc2 Be7 28.
b4 axb4 29. axb4 Na4 30. Bd2 Nb6 31. c5 Nc4 32. Be1 b5 33. Kb1 Na3+ 34. Kb2
Nxc2 35. Kxc2 Kf8 36. Bd2 Ke8 37. Bc1 Rb8 38. Bxf4 exf4 39. f3 Ra8 40. e5 Ra3
41. Rb1 f6 42. Kb2 Rb3+ 43. Kc2 Rxb1 44. Kxb1 f5 45. Bd3 fxg4 46. hxg4 Bf8 47.
Ne4 Bg7 48. Nd6+ Kd7 49. Kc2 Bd5 50. Be2 Ke6 51. Nf5 Bf8 52. Kc3 Kxe5 53. Nd4
Kf6 54. Bd3 Bg7 55. Kd2 Kf7 56. Nf5 Bxf3 57. Nd6+ Ke7 58. Bf5 h5 59. gxh5 g4
60. Bc8 g3 61. h6 Bxh6 62. Nf5+ Kf6 63. Ke1 Bf8 64. Nh4 Be4 65. Bd7 Kg5 0-1

[Event "4. Wittelsbacher Weihnachts-Schach-Open"]
[Site "Kelheim"]
[Date "2015.12.29"]
[Round "5.12"]
[White "Ebenhöch, Daniel"]
[Black "Schindler, Tobias"]
[Result "1/2-1/2"]
[WhiteElo "2041"]
[BlackElo "1748"]
[PlyCount "104"]
[EventDate "2015.??.??"]
[WhiteTeam "SK Ingolstadt"]
[BlackTeam "SK Kelheim"]

1. Nf3 d5 2. d4 Nf6 3. c4 c6 4. e3 Bf5 5. Nc3 e6 6. Qb3 Qb6 7. c5 Qc7 8. Nh4
Bg6 9. Bd2 Be7 10. Nxg6 hxg6 11. g3 Nbd7 12. Bg2 b6 13. cxb6 Qxb6 14. Qxb6 Nxb6
15. O-O O-O 16. b3 Rac8 17. a4 c5 18. Rfc1 c4 19. bxc4 Nxc4 20. Be1 Rb8 21. e4
dxe4 22. Nb5 a6 23. Nc7 Nb2 24. Nxa6 Ra8 25. Bf1 Nd5 26. a5 Bf6 27. Nc5 Nd3 28.
Nxd3 exd3 29. Bxd3 Bxd4 30. Rab1 Rfc8 31. Rxc8+ Rxc8 32. Ba6 Rc2 33. Rd1 Bf6
34. Bd3 Ra2 35. Bc4 Ra3 36. Kg2 Nc3 37. Rd3 Ra4 38. Bxc3 Rxc4 39. Bxf6 gxf6 40.
Rd8+ Kg7 41. a6 Ra4 42. Ra8 Ra3 43. h4 f5 44. Kf1 e5 45. Ke2 f4 46. g4 e4 47.
a7 Ra2+ 48. Ke1 e3 49. fxe3 fxe3 50. h5 gxh5 51. gxh5 f5 52. h6+ Kh7 1/2-1/2

[Event "4. Wittelsbacher Weihnachts-Schach-Open"]
[Site "Kelheim"]
[Date "2015.12.29"]
[Round "5.13"]
[White "Timar-Geng, Zoltan"]
[Black "Wimmer, Alfred"]
[Result "0-1"]
[WhiteElo "1929"]
[BlackElo "2026"]
[PlyCount "72"]
[EventDate "2015.??.??"]
[WhiteTeam "SV Lingen"]
[BlackTeam "SC Moosburg"]

1. d4 Nf6 2. c4 g6 3. g3 Bg7 4. Bg2 O-O 5. Nc3 d6 6. Nf3 Nc6 7. O-O a6 8. Bf4
Rb8 9. Rc1 h6 10. h3 g5 11. Be3 Bf5 12. d5 Na5 13. Nd4 Bd7 14. b3 e5 15. Nf3 b6
16. Nd2 Nh5 17. Bf3 Nf6 18. Bg2 g4 19. h4 Nh5 20. Kh2 f5 21. Ndb1 f4 22. Bd2
Bf6 23. Qc2 Kg7 24. Be4 Bxh4 25. Kg2 fxg3 26. Bh7 Nf4+ 27. Bxf4 exf4 28. Qg6+
Kh8 29. Qxh6 f3+ 30. Kg1 gxf2+ 31. Rxf2 Qg5 32. Qxg5 Bxg5 33. Rh2 f2+ 34. Kf1
g3 35. Rh5 Bxc1 36. Bf5+ Kg7 0-1

[Event "4. Wittelsbacher Weihnachts-Schach-Open"]
[Site "Kelheim"]
[Date "2015.12.29"]
[Round "5.14"]
[White "Nöckler, Alexander"]
[Black "Boos, Patrick"]
[Result "1/2-1/2"]
[WhiteElo "1933"]
[BlackElo "2046"]
[PlyCount "82"]
[EventDate "2015.??.??"]
[WhiteTeam "SK Weiden"]
[BlackTeam "SV Worms"]

1. c4 b6 2. Nc3 Bb7 3. d3 e6 4. e4 d5 5. cxd5 exd5 6. Qc2 Nf6 7. Bg5 Be7 8. g3
O-O 9. Bxf6 Bxf6 10. Bg2 Bxc3+ 11. Qxc3 dxe4 12. O-O-O Qg5+ 13. Kb1 Na6 14.
dxe4 Nc5 15. Nh3 Qg6 16. f3 f5 17. Nf4 Qf7 18. Bf1 Ba6 19. Bxa6 Nxa6 20. exf5
Qxf5+ 21. Qd3 Nc5 22. Qxf5 Rxf5 23. b4 Na4 24. Kc2 a5 25. a3 c5 26. b5 c4 27.
Rd5 Rxd5 28. Nxd5 Re8 29. Rd1 Kf7 30. Nc3 Nxc3 31. Kxc3 Re3+ 32. Kxc4 Ke6 33.
Rd8 Rxa3 34. Rb8 Ra4+ 35. Kd3 Kd5 36. Rxb6 Ra3+ 37. Kc2 Kc4 38. Rb7 Ra2+ 39.
Kc1 Rxh2 40. Rxg7 Kxb5 41. f4 a4 1/2-1/2

[Event "4. Wittelsbacher Weihnachts-Schach-Open"]
[Site "Kelheim"]
[Date "2015.12.29"]
[Round "5.15"]
[White "Pohl, Steffen"]
[Black "Weigert, Wilhelm"]
[Result "0-1"]
[WhiteElo "1869"]
[BlackElo "2044"]
[PlyCount "102"]
[EventDate "2015.??.??"]
[WhiteTeam "SK Schwanstetten"]
[BlackTeam "Post Regensburg"]

1. b3 c5 2. Bb2 Nc6 3. e3 Nf6 4. Bb5 a6 5. Bxc6 bxc6 6. d4 cxd4 7. Qxd4 g6 8.
c4 Bg7 9. Nc3 O-O 10. Qd2 d5 11. Rd1 Bb7 12. c5 e5 13. Na4 Ne4 14. Qc2 Qa5+ 15.
Bc3 Nxc3 16. Qxc3 Qc7 17. Ne2 Rae8 18. O-O e4 19. Nd4 Re5 20. f4 exf3 21. Rxf3
Re4 22. Qd3 Bc8 23. h3 Rfe8 24. Nc3 Bh6 25. Nc2 Qe7 26. b4 Qe5 27. Kh1 Rc4 28.
Na4 Bf5 29. Rxf5 Qxf5 30. Qxf5 gxf5 31. Nd4 Rxb4 32. Nb6 Bxe3 33. Nxc6 Rb2 34.
Nxd5 Re6 35. Nde7+ Kg7 36. Nxf5+ Kf6 37. Rf1 Rf2 38. Nxe3 Rxf1+ 39. Nxf1 Rxc6
40. Ng3 Ke5 41. Kg1 Rxc5 42. Kf2 Rc2+ 43. Kf3 Rxa2 44. Ne2 Rxe2 45. Kxe2 Kf4
46. Kf2 f5 47. g3+ Ke4 48. Ke2 a5 49. g4 fxg4 50. hxg4 Kf4 51. Kd3 Kxg4 0-1

[Event "4. Wittelsbacher Weihnachts-Schach-Open"]
[Site "Kelheim"]
[Date "2015.12.29"]
[Round "5.16"]
[White "Taube, Hubertus"]
[Black "Seifert, Werner"]
[Result "1/2-1/2"]
[WhiteElo "2041"]
[BlackElo "1985"]
[PlyCount "33"]
[EventDate "2015.??.??"]
[WhiteTeam "SK Neuperlach"]
[BlackTeam "SV WB Allianz München"]

1. d4 Nf6 2. c4 g6 3. Nc3 Bg7 4. e4 d6 5. Be2 O-O 6. f4 c5 7. d5 e6 8. Nf3 exd5
9. cxd5 Re8 10. e5 dxe5 11. fxe5 Ng4 12. Bg5 Qb6 13. Na4 Qa5+ 14. Bd2 Qd8 15.
Bg5 Qa5+ 16. Bd2 Qd8 17. Bg5 1/2-1/2

[Event "4. Wittelsbacher Weihnachts-Schach-Open"]
[Site "Kelheim"]
[Date "2015.12.29"]
[Round "5.17"]
[White "Meulner, Fabian"]
[Black "Seidenschwarz, Holger"]
[Result "1/2-1/2"]
[WhiteElo "1854"]
[BlackElo "2017"]
[PlyCount "89"]
[EventDate "2015.??.??"]
[WhiteTeam "SW Nürnberg Süd"]
[BlackTeam "SK Kelheim"]

1. e4 e5 2. f4 Bc5 3. Nf3 d6 4. Nc3 Nf6 5. Bc4 Nc6 6. d3 Bg4 7. Na4 O-O 8. Nxc5
dxc5 9. c3 Qd6 10. h3 Bxf3 11. Qxf3 Rad8 12. O-O Rfe8 13. g4 Re7 14. g5 Nd7 15.
f5 Nb6 16. f6 Red7 17. g6 hxg6 18. fxg7 Nxc4 19. dxc4 Qd3 20. Qg4 f5 21. Qh4
Rxg7 22. Bh6 g5 23. Qf2 Rf7 24. Bxg5 Qxh3 25. Qh4 Qxh4 26. Bxh4 Rg7+ 27. Kf2
Rd2+ 28. Ke3 Rgg2 29. exf5 Rxb2 30. f6 Kf7 31. Rad1 Rbe2+ 32. Kf3 Rd2 33. Rxd2
Rxd2 34. Rg1 Rd3+ 35. Ke4 Rxc3 36. Kd5 Rh3 37. Rg7+ Kf8 38. Bf2 Nb4+ 39. Ke6
Nd3 40. Rxc7 Nf4+ 41. Kxe5 Nd3+ 42. Ke6 Nf4+ 43. Kf5 Nd3 44. Ke6 Nf4+ 45. Kf5
1/2-1/2

[Event "4. Wittelsbacher Weihnachts-Schach-Open"]
[Site "Kelheim"]
[Date "2015.12.29"]
[Round "5.18"]
[White "Kranzl, Julian"]
[Black "Schilay, Lorenz"]
[Result "1-0"]
[WhiteElo "1929"]
[BlackElo "1760"]
[PlyCount "123"]
[EventDate "2015.??.??"]
[WhiteTeam "Hohenems"]
[BlackTeam "SK Neumarkt"]

1. e4 e5 2. Nf3 Nc6 3. Bc4 Nf6 4. Ng5 d5 5. exd5 Nd4 6. Nc3 h6 7. Nge4 Nxe4 8.
Nxe4 b5 9. Bb3 Nxb3 10. axb3 Qxd5 11. f3 Bb7 12. Qe2 a6 13. d3 Bd6 14. Be3 O-O
15. Bxh6 f5 16. Nc3 Qc6 17. Bg5 Bb4 18. Bd2 e4 19. fxe4 Bxc3 20. Bxc3 fxe4 21.
O-O-O Rae8 22. Qg4 Qh6+ 23. Kb1 e3 24. Rde1 Rf2 25. Qd7 Bc6 26. Qxc7 Bxg2 27.
Rhg1 Ref8 28. Rxe3 Rf1+ 29. Re1 Rxg1 30. Rxg1 Rf2 31. Qg3 Rf1+ 32. Rxf1 Bxf1
33. Qc7 Bg2 34. Ka2 Qg6 35. Qg3 Qxg3 36. hxg3 Kf7 37. Ka3 Bf3 38. b4 g6 39. Be5
Ke6 40. Bb8 Kd5 41. Kb3 Bd1 42. Kc3 Bg4 43. Kd2 Bf5 44. b3 Bg4 45. c4+ Kc6 46.
Kc3 Be2 47. d4 Bf3 48. d5+ Kb7 49. Bf4 Be2 50. c5 Bf3 51. Kd4 Bd1 52. c6+ Kc8
53. Kc5 Bxb3 54. d6 Be6 55. Kb6 Kd8 56. Kxa6 Kc8 57. Bg5 Bf5 58. Kxb5 Bd3+ 59.
Kc5 Kb8 60. d7 Ba6 61. Bf4+ Ka7 62. d8=Q 1-0

[Event "4. Wittelsbacher Weihnachts-Schach-Open"]
[Site "Kelheim"]
[Date "2015.12.29"]
[Round "5.19"]
[White "Lohr, Werner"]
[Black "Bartonicek, Zdenek"]
[Result "1/2-1/2"]
[WhiteElo "1911"]
[BlackElo "1905"]
[PlyCount "35"]
[EventDate "2015.??.??"]
[WhiteTeam "TSV Mainburg"]
[BlackTeam "TSV Kirchenlaibach"]

1. e4 e5 2. Nf3 Nc6 3. d4 exd4 4. Nxd4 Nf6 5. Nxc6 bxc6 6. e5 Qe7 7. Qe2 Nd5 8.
c4 Ba6 9. g3 g6 10. b3 Bg7 11. Bg2 O-O 12. Bb2 Rfe8 13. O-O Nb6 14. Re1 d5 15.
Nd2 Rad8 16. Qe3 Bb7 17. Bd4 Nd7 18. f4 1/2-1/2

[Event "4. Wittelsbacher Weihnachts-Schach-Open"]
[Site "Kelheim"]
[Date "2015.12.29"]
[Round "5.20"]
[White "Winkelmeier, Alfred"]
[Black "Gabler, Eric"]
[Result "0-1"]
[WhiteElo "1691"]
[BlackElo "1919"]
[PlyCount "108"]
[EventDate "2015.??.??"]
[WhiteTeam "SV Ilmmünster"]
[BlackTeam "TV Geiselhöring"]

1. e4 c5 2. Nc3 Nc6 3. f4 e6 4. Nf3 d5 5. Bb5 Nf6 6. Bxc6+ bxc6 7. e5 Nd7 8.
O-O Be7 9. Qe1 Ba6 10. d3 c4 11. d4 g6 12. Ne2 Qb6 13. c3 O-O-O 14. a4 h6 15.
Ng3 Kc7 16. Rf2 Qa5 17. Be3 Rb8 18. Qc1 Qb6 19. h3 Rbg8 20. Qc2 Qb3 21. Nf1
Qxc2 22. Rxc2 Rb8 23. g4 c5 24. Kg2 cxd4 25. Nxd4 Nc5 26. Nb5+ Bxb5 27. axb5
Rxb5 28. Rxa7+ Rb7 29. Bxc5 Bxc5 30. Rxb7+ Kxb7 31. Ng3 Kc6 32. Kf3 Kb5 33. f5
g5 34. Nh5 Ra8 35. Rh2 Ka4 36. h4 Kb3 37. hxg5 hxg5 38. fxe6 fxe6 39. Ng7 Ra6
40. Re2 d4 41. cxd4 Bxd4 42. Nf5 Bxb2 43. Re3+ Kb4 44. Nd6 Ra3 45. Rxa3 Bxa3
46. Ke2 Bb2 47. Ne4 Bc1 48. Kd1 Bf4 49. Kc2 Kb5 50. Nd6+ Kc5 51. Nf7 Kd5 52.
Kd1 Ke4 53. Nd6+ Kd3 54. Nf7 c3 0-1

[Event "4. Wittelsbacher Weihnachts-Schach-Open"]
[Site "Kelheim"]
[Date "2015.12.29"]
[Round "5.21"]
[White "Glück, Ulrich"]
[Black "Schindler, Gernot"]
[Result "0-1"]
[WhiteElo "1713"]
[BlackElo "2028"]
[PlyCount "108"]
[EventDate "2015.??.??"]
[WhiteTeam "MSA Zugzwang"]
[BlackTeam "SK Kelheim"]

1. d4 f5 2. c4 Nf6 3. Nc3 d6 4. Bg5 g6 5. Bxf6 exf6 6. f4 c6 7. g3 Be6 8. b3 d5
9. c5 Qa5 10. Qd2 Nd7 11. Na4 Qc7 12. e3 Kf7 13. Nf3 Be7 14. Be2 Rae8 15. Kf2
Rhg8 16. h4 h6 17. Nb2 h5 18. b4 Ra8 19. a4 b6 20. a5 bxa5 21. Rxa5 Rgb8 22.
Rha1 Bd8 23. Nd1 Nf8 24. b5 cxb5 25. Rxb5 Bd7 26. Rba5 Qb7 27. R5a3 a5 28. Qa2
Bc6 29. Nd2 Ra7 30. Rb3 Qc8 31. Rab1 Rxb3 32. Rxb3 Ne6 33. Nc3 a4 34. Ra3 Qd7
35. Bd1 Ba5 36. Ndb1 Bb4 37. Bxa4 Bxa3 38. Bxc6 Qxc6 39. Nxa3 Qa6 40. Ncb1 Nc7
41. Qd2 Qb7 42. Qd3 Qb2+ 43. Kf3 Ra4 44. Qd2 Qb3 45. Qc1 Rxd4 46. Nc3 Rd3 47.
Nab1 d4 48. Ke2 Rxe3+ 49. Kd2 dxc3+ 50. Nxc3 Rxg3 51. c6 Qc4 52. Ne2 Rd3+ 53.
Ke1 Qxc1+ 54. Nxc1 Rc3 0-1

[Event "4. Wittelsbacher Weihnachts-Schach-Open"]
[Site "Kelheim"]
[Date "2015.12.29"]
[Round "5.22"]
[White "Schmitz, Björn"]
[Black "Mühlich, Cornelius"]
[Result "1-0"]
[WhiteElo "2052"]
[BlackElo "1771"]
[PlyCount "89"]
[EventDate "2015.??.??"]
[WhiteTeam "SV Saal/Donau"]
[BlackTeam "SK Kelheim"]

1. d4 d5 2. c4 c6 3. Nf3 Nf6 4. e3 Bf5 5. Qb3 Qb6 6. Nc3 e6 7. c5 Qc7 8. Nh4
Bg6 9. Nxg6 hxg6 10. Bd2 Nbd7 11. h3 e5 12. Qc2 Be7 13. b4 O-O 14. Bd3 Rfe8 15.
O-O g5 16. Be2 g6 17. dxe5 Nxe5 18. f4 gxf4 19. exf4 Nc4 20. f5 Nxd2 21. Qxd2
Kg7 22. Bd3 Bf8 23. fxg6 fxg6 24. Qg5 Qf7 25. Rf3 Re6 26. Raf1 Qe8 27. Rxf6 Be7
28. Rxe6 Bxg5 29. Rxe8 Rxe8 30. Rd1 Re3 31. Ne2 Bf6 32. Kf2 Re7 33. Nf4 Bc3 34.
Nxg6 Rf7+ 35. Kg1 Bxb4 36. Rc1 Bd2 37. Rc2 Be3+ 38. Kh2 Bd4 39. g4 Rf3 40. Bf5
Ra3 41. Kg2 Ra5 42. Nf4 Kf6 43. Ne6 Be5 44. Rf2 Ra3 45. g5+ 1-0

[Event "4. Wittelsbacher Weihnachts-Schach-Open"]
[Site "Kelheim"]
[Date "2015.12.29"]
[Round "5.23"]
[White "Müller, Johannes"]
[Black "Meul, Willi"]
[Result "1/2-1/2"]
[WhiteElo "1982"]
[BlackElo "1829"]
[PlyCount "36"]
[EventDate "2015.??.??"]
[WhiteTeam "SK Kelheim"]
[BlackTeam "SV Hürth-Berrenrath"]

1. d4 Nf6 2. c4 g6 3. Nc3 d5 4. Nf3 Bg7 5. Qb3 dxc4 6. Qxc4 O-O 7. e4 c6 8. e5
Nd5 9. Be2 Nxc3 10. bxc3 Be6 11. Qb4 Qc7 12. Ba3 Re8 13. Ng5 Bd5 14. c4 h6 15.
cxd5 hxg5 16. Rb1 cxd5 17. Qxb7 Qc3+ 18. Kf1 Nc6 1/2-1/2

[Event "4. Wittelsbacher Weihnachts-Schach-Open"]
[Site "Kelheim"]
[Date "2015.12.29"]
[Round "5.24"]
[White "Zinner, Bernhard"]
[Black "Altmann, Jens"]
[Result "1-0"]
[WhiteElo "1795"]
[BlackElo "1988"]
[PlyCount "55"]
[EventDate "2015.??.??"]
[WhiteTeam "TV Geiselhöring"]
[BlackTeam "SF Leipzig-Südost"]

1. d4 Nf6 2. c4 e5 3. dxe5 Ne4 4. Nf3 d6 5. g3 Nc6 6. exd6 Bxd6 7. Bg2 Qf6 8.
O-O h6 9. Nfd2 Ng5 10. Ne4 Qg6 11. Nxd6+ cxd6 12. Bf4 Nh3+ 13. Kh1 Nxf4 14.
gxf4 Bf5 15. Nc3 O-O 16. e4 Bg4 17. f3 Bd7 18. Nb5 a6 19. Nxd6 Rad8 20. Nxb7
Bh3 21. Qe2 Rb8 22. Bxh3 Rxb7 23. b3 Qf6 24. f5 Nd4 25. Qg2 Rd8 26. f4 Qh4 27.
e5 Rbd7 28. f6 1-0

[Event "4. Wittelsbacher Weihnachts-Schach-Open"]
[Site "Kelheim"]
[Date "2015.12.29"]
[Round "5.25"]
[White "Bader, Dominic"]
[Black "Latzel, Wolfgang"]
[Result "1-0"]
[WhiteElo "2092"]
[BlackElo "1943"]
[PlyCount "81"]
[EventDate "2015.??.??"]
[WhiteTeam "SG Büchenbach/Roth"]
[BlackTeam "SK Landshut"]

1. d4 d6 2. e4 g6 3. Nf3 Bg7 4. Be2 Nd7 5. O-O a6 6. Re1 e5 7. d5 Ne7 8. c4 O-O
9. Nc3 f5 10. b4 Nf6 11. Bd3 fxe4 12. Nxe4 a5 13. bxa5 Rxa5 14. Bd2 Ra8 15. Qb3
Kh8 16. Bg5 b6 17. Rab1 Bd7 18. h3 Qc8 19. Bf1 Neg8 20. Ng3 Ne7 21. Bd2 Nf5 22.
Ne4 Nxe4 23. Rxe4 Ba4 24. Qb2 Bd7 25. Bc3 Ne7 26. g4 Rxf3 27. Bg2 Rf8 28. f4
Kg8 29. fxe5 dxe5 30. Bxe5 Rf7 31. Bxg7 Rxg7 32. Rbe1 Qd8 33. Qf6 Rf7 34. Qg5
Nc6 35. Qd2 Na5 36. d6 cxd6 37. Rd4 Ra7 38. Bd5 Qf6 39. Rf4 Qh4 40. Bxf7+ Kg7
41. Qc3+ 1-0

[Event "4. Wittelsbacher Weihnachts-Schach-Open"]
[Site "Kelheim"]
[Date "2015.12.29"]
[Round "5.26"]
[White "Kaiser, Dominik"]
[Black "Kues, Manuel"]
[Result "1-0"]
[WhiteElo "1906"]
[BlackElo "1986"]
[PlyCount "99"]
[EventDate "2015.??.??"]
[WhiteTeam "TSV Kareth-Lappersdorf"]
[BlackTeam "TSV Kareth-Lappersdorf"]

1. e4 c5 2. Na3 Nc6 3. Bb5 Nf6 4. d3 e6 5. Nf3 Nd4 6. Nxd4 cxd4 7. O-O a6 8. e5
Nd5 9. Bc4 Nb4 10. Qg4 b5 11. Bxb5 axb5 12. Nxb5 Qa5 13. Nd6+ Bxd6 14. exd6 O-O
15. Bd2 f5 16. Qf3 Qb5 17. Qxa8 Bb7 18. Qa7 Nxc2 19. Qa5 Qc6 20. f3 Nxa1 21.
Rxa1 Qc2 22. Qb4 Bc6 23. Rc1 Qxd3 24. Rxc6 dxc6 25. d7 Qb1+ 26. Kf2 Qxa2 27.
Qxf8+ Kxf8 28. d8=Q+ Kf7 29. Qd7+ Kg6 30. Qe8+ Kf6 31. Qd8+ Kg6 32. Qxd4 Qb3
33. Bc3 Qb7 34. Qe5 Qe7 35. Qg3+ Kh6 36. Qf4+ Kg6 37. Qe5 h6 38. Bd4 Qd7 39.
Bc3 Qa7+ 40. Kg3 Qe7 41. b4 Kh5 42. Kf2 Qa7+ 43. Qd4 Qa2+ 44. Kg3 g5 45. Qg7 e5
46. Qxe5 f4+ 47. Kh3 Qf7 48. g4+ fxg3 49. hxg3 Kg6 50. Qe4+ 1-0

[Event "4. Wittelsbacher Weihnachts-Schach-Open"]
[Site "Kelheim"]
[Date "2015.12.29"]
[Round "5.27"]
[White "Bruckmeier, Bernhard"]
[Black "Urban, Rudolf"]
[Result "1-0"]
[WhiteElo "1931"]
[BlackElo "1871"]
[PlyCount "51"]
[EventDate "2015.??.??"]
[BlackTeam "SC Roter Turm Altstadt"]

1. d4 Nf6 2. c4 e5 3. e3 d6 4. Nc3 Be7 5. Nge2 O-O 6. Ng3 Nc6 7. d5 Nb8 8. Be2
a5 9. O-O Na6 10. e4 Nc5 11. Be3 b6 12. a3 Bd7 13. b4 axb4 14. axb4 Nb7 15. h3
h6 16. Qd2 Nh7 17. Nb5 Rxa1 18. Rxa1 Bg5 19. Bg4 g6 20. Ra7 Bxg4 21. hxg4 Qc8
22. f3 Re8 23. Nf1 Kg7 24. Qa2 Bxe3+ 25. Nxe3 Nf6 26. Qa6 1-0

[Event "4. Wittelsbacher Weihnachts-Schach-Open"]
[Site "Kelheim"]
[Date "2015.12.29"]
[Round "5.28"]
[White "Vilsmeier, Christian"]
[Black "Schmitz, Marc"]
[Result "1-0"]
[WhiteElo "1994"]
[BlackElo "1748"]
[PlyCount "77"]
[EventDate "2015.??.??"]
[WhiteTeam "DJK-Regensburg Nord"]
[BlackTeam "SV Saal/Donau"]

1. e4 c5 2. Nc3 Nc6 3. g3 e6 4. Bg2 Nf6 5. Nge2 Be7 6. O-O O-O 7. d3 Rb8 8. Bg5
b5 9. Qd2 b4 10. Nd1 a5 11. f4 h6 12. Bh4 d5 13. e5 Nd7 14. Bxe7 Qxe7 15. Ne3
Ba6 16. Rae1 Rfc8 17. Ng4 h5 18. Nf2 a4 19. g4 hxg4 20. Nxg4 Qh4 21. h3 a3 22.
b3 Rc7 23. f5 Ncxe5 24. Nxe5 Nxe5 25. Nf4 Nc6 26. fxe6 fxe6 27. Rxe6 Rd8 28.
Qe3 Bc8 29. Re8+ Rxe8 30. Qxe8+ Kh7 31. Qg6+ Kh8 32. Nxd5 Ne7 33. Rf8+ Ng8 34.
Nxc7 Bxh3 35. Ne8 Qd4+ 36. Kh1 Bxg2+ 37. Qxg2 Qa1+ 38. Qg1 Qxa2 39. Qxg7# 1-0

[Event "4. Wittelsbacher Weihnachts-Schach-Open"]
[Site "Kelheim"]
[Date "2015.12.29"]
[Round "5.29"]
[White "Doleschal, Johannes"]
[Black "Schwenck, Mathias"]
[Result "0-1"]
[WhiteElo "1968"]
[BlackElo "1920"]
[PlyCount "101"]
[EventDate "2015.??.??"]
[WhiteTeam "TSV Kirchenlaibach"]
[BlackTeam "SC Moosburg"]

1. d4 Nf6 2. c4 g6 3. Nc3 d5 4. cxd5 Nxd5 5. e4 Nxc3 6. bxc3 Bg7 7. Be3 c5 8.
Bc4 O-O 9. Ne2 cxd4 10. cxd4 Nc6 11. O-O Na5 12. Bd3 b6 13. Rc1 e6 14. Qd2 Bb7
15. f3 Qd7 16. Rc2 Rac8 17. Rfc1 Rxc2 18. Rxc2 Rc8 19. Qc1 Rxc2 20. Qxc2 Qc6
21. Qxc6 Nxc6 22. Kf2 Nb4 23. Bb1 Ba6 24. a3 Nc6 25. d5 exd5 26. exd5 Ne5 27.
Bd4 Bc4 28. Nf4 Ng4+ 29. fxg4 Bxd4+ 30. Kf3 Be5 31. Be4 Bd6 32. a4 Bb3 33. h3
Bxa4 34. Ne2 Kg7 35. Ke3 Kf6 36. Nc3 Bd7 37. Bf3 Ke5 38. g5 Bc5+ 39. Kd3 b5 40.
Ne4 Bf5 41. g4 Bxe4+ 42. Bxe4 Kf4 43. Bg2 a5 44. Kc3 Kxg5 45. Bf1 Kh4 46. Bxb5
Kxh3 47. Bd7 Kg3 48. Kc4 Bb4 49. Kd4 Kf4 50. Kd3 a4 51. Kc4 0-1

[Event "4. Wittelsbacher Weihnachts-Schach-Open"]
[Site "Kelheim"]
[Date "2015.12.29"]
[Round "5.30"]
[White "Bildt, Thomas"]
[Black "Klimpel, Siegfried"]
[Result "1-0"]
[WhiteElo "1981"]
[BlackElo "1842"]
[PlyCount "29"]
[EventDate "2015.??.??"]
[WhiteTeam "SK Zirndorf"]
[BlackTeam "TSV Kareth-Lappersdorf"]

1. e4 c5 2. Nc3 Nc6 3. Nf3 e6 4. g3 a6 5. Bg2 Be7 6. O-O Qc7 7. d4 cxd4 8. Nxd4
Nxd4 9. Qxd4 Bf6 10. Qd3 Ne7 11. Bf4 d6 12. Bxd6 Qb6 13. e5 Bg5 14. Ne4 Bh6 15.
Bc5 1-0

[Event "4. Wittelsbacher Weihnachts-Schach-Open"]
[Site "Kelheim"]
[Date "2015.12.29"]
[Round "5.31"]
[White "Müller, Dennis"]
[Black "Simon, Günther"]
[Result "1-0"]
[WhiteElo "1729"]
[BlackElo "1901"]
[PlyCount "120"]
[EventDate "2015.??.??"]
[WhiteTeam "SC Kreut"]
[BlackTeam "Regensburger Turnerschaft"]

1. e4 e6 2. d4 d5 3. Nc3 Bb4 4. e5 c5 5. Qg4 Ne7 6. dxc5 Bxc3+ 7. bxc3 Qc7 8.
Nf3 Nbc6 9. Bf4 Ng6 10. Bg3 Bd7 11. Bd3 Qa5 12. O-O Qxc5 13. c4 dxc4 14. Qxc4
Qxc4 15. Bxc4 Rc8 16. Bd3 O-O 17. Rfd1 Rc7 18. Rd2 Rfc8 19. Rad1 Be8 20. Ng5
Nb4 21. a3 Nd5 22. Ne4 Nc3 23. Nd6 Rb8 24. Re1 Bc6 25. h4 Bd5 26. f4 Ne7 27.
Bf2 b6 28. Bd4 g6 29. Bxc3 Rxc3 30. Nb5 Rc5 31. Nxa7 Ra8 32. Nb5 Ra5 33. Rb1
Nf5 34. Bxf5 gxf5 35. Nd6 Rxa3 36. Rxb6 Ra1+ 37. Kh2 Ra4 38. g3 Ra1 39. Rb8+
Kg7 40. Ne8+ Kh6 41. Kh3 Rxc2 42. Rxc2 Rh1+ 43. Rh2 Rg1 44. Nf6 Bf3 45. Rh8 Kg7
46. Rxh7+ Kf8 47. Rh8+ Kg7 48. Rd8 Bb7 49. Rd3 Ba6 50. Rf3 Bb7 51. Rff2 Ba6 52.
h5 Kh6 53. Kh4 Bb7 54. Rd2 Bf3 55. Rd7 Kg7 56. Ne8+ Kg8 57. Nd6 Kg7 58. Nxf7
Bc6 59. Rc7 Ba4 60. Ng5+ Kh6 1-0